| 000 | 01142nam a22003137a 4500 | ||
|---|---|---|---|
| 001 | 1507 | ||
| 005 | 20230831085011.0 | ||
| 020 | _a9781842368831 | ||
| 020 | _a0761304711 (pbk.) | ||
| 040 |
_aDLC _cDLC _dDLC _dFISKH _beng |
||
| 050 | 0 | 0 |
_aQL620 _b.P38 1996 |
| 082 | 0 | 0 |
_a597/.31 _220 |
| 100 | 1 |
_aParker, Steve, _d1952- |
|
| 245 | 1 | 0 |
_aSharks / _cSteve Parker ; Cosultant Trevor Day |
| 260 |
_aSan Diego : _bSilver Dolphin Books, _c2005 |
||
| 300 |
_a46 pages : _bcolor illustrations ; _c30 cm |
||
| 490 | 1 | _a100 facts | |
| 500 | _aIncludes index. | ||
| 505 | _aH | ||
| 520 | _aCollects one hundred facts about sharks, describing the different types of sharks, their diet, physical characteristics, behaviors and abilities, and other related topics. Includes illustrations, cartoons, quizzes, and activities. | ||
| 521 |
_a510
_bLexile estimate |
||
| 521 |
_aH
_bRaz-Plus |
||
| 650 | 0 |
_aMarine fishes _xMiscellanea _vJuvenile literature. |
|
| 650 | 1 |
_aFishes _vMiscellanea. |
|
| 650 | 1 | _aQuestions and answers. | |
| 700 | 1 |
_aKenyon, Tony, _eillustrator |
|
| 906 |
_a7 _bcbc _corignew _d1 _eocip _f19 _gy-gencatlg |
||
| 942 |
_2ddc _cBK _n0 |
||
| 999 |
_c1507 _d1507 |
||